Investigaciones madrileñas / (Record no. 45623)

MARC details
000 -LEADER
campo de control de longitud fija 00663nam a2200181 i 4500
001 - NÚMERO DE CONTROL
campo de control 45623
003 - IDENTIFICADOR DE NÚMERO DE CONTROL
campo de control ES-MaACL
005 - FECHA Y HORA DE LA ÚLTIMA TRANSACCIÓN
campo de control 20230906161240.0
007 - CAMPO FIJO DE DESCRIPCIÓN FÍSICA--INFORMACIÓN GENERAL
campo de control de longitud fija t|
008 - DATOS DE LONGITUD FIJA--INFORMACIÓN GENERAL
campo de control de longitud fija 030326s1948 sp ||||1| spa d
100 1# - ENTRADA PRINCIPAL--NOMBRE DE PERSONA
Nombre de persona Polentinos, Aurelio de Colmenares y Orgaz, Conde de.
9 (RLIN) 92808
245 10 - MENCIÓN DEL TÍTULO
Título Investigaciones madrileñas /
Mención de responsabilidad, etc. Conde de Polentinos.
260 ## - PUBLICACIÓN, DISTRIBUCIÓN, ETC.
Lugar de publicación, distribución, etc. Madrid :
Nombre del editor, distribuidor, etc. Ayuntamiento de Madrid, Sección de Cultura e Información,
Fecha de publicación, distribución, etc. 1948 (
Fabricante Artes Gráficas Municipales)
300 ## - DESCRIPCIÓN FÍSICA
Extensión VII, 210 p., 12 lám. ;
Dimensiones 24 cm.
710 1# - ENTRADA AGREGADA--NOMBRE DE ENTIDAD CORPORATIVA
Nombre de entidad corporativa o nombre de jurisdicción como elemento de entrada Madrid.
Unidad subordinada Ayuntamiento. Sección de Cultura e Información.
9 (RLIN) 200765
852 ## - LOCALIZACIÓN
Ubicación ES-MaACL
Número de control de estantería D-6638
Sublocalización o colección R.28813
Holdings
Estatus retirado Estado de pérdida Estado de daño No para préstamo Biblioteca de origen Biblioteca actual Ubicación en estantería Fecha de adquisición Fuente de adquisición Total de préstamos Signatura topográfica completa Código de barras Visto por última vez Precio de reemplazo Tipo de ítem Koha
        Biblioteca del Ateneo de Madrid Biblioteca del Ateneo de Madrid Sala Valle Inclán 17/01/2008     D-6638 901048000 23/02/2023 23/02/2023 Libro impreso